MARC

LEADER 00000naa2a2200000 4500
001 635674
005 20240208094746.0
035 |a (RuTPU)RU\TPU\conf\37531 
035 |a RU\TPU\conf\37530 
090 |a 635674 
100 |a 20230523d2022 k y0rusy50 ca 
101 0 |a rus 
102 |a RU 
105 |a y z 101zy 
135 |a drcn ---uucaa 
181 0 |a i  
182 0 |a b 
200 1 |a Централизованная архитектура автоматики ликвидации асинхронного режима  |f А. А. Жиленков  |g науч. рук. А. В. Прохоров 
203 |a Текст  |c электронный 
225 1 |a Цифровая энергетика и интеллектуальные энергетические системы 
300 |a Заглавие с экрана 
320 |a [Библиогр.: с. 54 (7 назв.)] 
463 0 |0 (RuTPU)RU\TPU\conf\37517  |t Бутаковские чтения  |o материалы II Всероссийской с международным участием молодежной конференции, 13-15 декабря 2022 г., Томск  |f Национальный исследовательский Томский политехнический университет ; ред. кол. А. С. Заворин, А. С. Матвеев, С. Г. Обухов [и др.]  |v [С. 52-54]  |d 2022 
610 1 |a электронный ресурс 
610 1 |a труды учёных ТПУ 
610 1 |a централизованная архитектура 
610 1 |a автоматика 
610 1 |a ликвидация 
610 1 |a асинхронные режимы 
610 1 |a противоаварийная автоматика 
610 1 |a энергосистемы 
610 1 |a отключения 
610 1 |a потребители 
700 1 |a Жиленков  |b А. А. 
702 1 |a Прохоров  |b А. В.  |c специалист в области электроэнергетики  |c исполняющий обязанности руководителя, доцент, заместитель директора по учебной работе Томского политехнического университета, кандидат технических наук   |f 1985-  |g Антон Викторович  |4 727  |9 12795 
712 0 2 |a Национальный исследовательский Томский политехнический университет  |b Инженерная школа энергетики  |b Отделение электроэнергетики и электротехники  |3 (RuTPU)RU\TPU\col\23505 
801 2 |a RU  |b 63413507  |c 20230615  |g RCR 
856 4 |u http://earchive.tpu.ru/handle/11683/75977 
942 |c BK